[Event "HUN-ch-Women KO 2019"]
[Site "Budapest"]
[Date "2019.12.16"]
[Round "2.1"]
[White "Lazarne Vajda, Szidonia"]
[Black "Papp, Petra"]
[Result "1/2-1/2"]
[WhiteElo "2333"]
[BlackElo "2339"]
[Annotator "NA"]
[PlyCount "46"]
[EventDate "2019.12.10"]
[EventType "k.o."]
[EventRounds "4"]
[EventCountry "HUN"]
[SourceTitle "playchess.com"]
[Source "ChessBase"]
[SourceQuality "1"]
[TimeControl "40/5400+30:1800+30"]

1. d4 Nf6 2. Nf3 d5 3. c4 e6 4. Nc3 c5 5. cxd5 Nxd5 6. e4 Nxc3 7. bxc3 cxd4 8. cxd4 Bb4+ 9. Bd2 Bxd2+ 10. Qxd2 O-O 11. Bc4 Nd7 12. O-O b6 13. Rac1 Bb7 14. d5 Nc5 15. dxe6 fxe6 16. Qe3 Bxe4 17. Bxe6+ Nxe6 18. Qxe4 Qf6 19. Rfe1 Nc5 20. Qc4+ Qf7 21. Qc2 Qf5 22. Qc4+ Qf7 23. Qc2 Qf5 1/2-1/2

[Event "HUN-ch-Women KO 2019"]
[Site "Budapest"]
[Date "2019.12.17"]
[Round "2.2"]
[White "Papp, Petra"]
[Black "Lazarne Vajda, Szidonia"]
[Result "1/2-1/2"]
[WhiteElo "2339"]
[BlackElo "2333"]
[Annotator "ChessBase"]
[PlyCount "41"]
[EventDate "2019.12.10"]
[EventType "k.o."]
[EventCountry "HUN"]
[SourceTitle "playchess.com"]
[Source "ChessBase"]
[SourceQuality "1"]

1. e4 e5 2. Nf3 Nc6 3. Bb5 Nf6 4. O-O Nxe4 5. d4 Nd6 6. Bxc6 dxc6 7. dxe5 Nf5 8. Qxd8+ Kxd8 9. Nc3 Ke8 10. h3 h5 11. Bf4 Be7 12. Rad1 Be6 13. Ng5 Rh6 14. g3 Bxg5 15. Bxg5 Rg6 16. Bf4 Nh4 17. Kh2 Nf3+ 18. Kg2 Nh4+ 19. Kh2 Nf3+ 20. Kg2 Nh4+ 21. Kh2 1/2-1/2

[Event "HUN-ch-Women KO 2019"]
[Site "Budapest"]
[Date "2019.12.17"]
[Round "2.3"]
[White "Gara, Ticia"]
[Black "Gara, Anita"]
[Result "1/2-1/2"]
[WhiteElo "2339"]
[BlackElo "2350"]
[Annotator "ChessBase"]
[PlyCount "47"]
[EventDate "2019.12.10"]
[EventType "k.o."]
[EventCountry "HUN"]
[SourceTitle "playchess.com"]
[Source "ChessBase"]
[SourceQuality "1"]
[TimeControl "900+5"]

1. e4 {[%emt 0:00:00]} c5 {[%emt 0:00:00]} 2. Nf3 {[%emt 0:00:00]} e6 {[%emt 0:00:00]} 3. c3 {[%emt 0:00:00]} d5 {[%emt 0:00:00]} 4. exd5 {[%emt 0:00:00]} Qxd5 {[%emt 0:00:00]} 5. d4 {[%emt 0:00:00]} Nf6 {[%emt 0:00:00]} 6. Be2 {[%emt 0:00:00]} Nc6 {[%emt 0:00:00]} 7. O-O {[%emt 0:00:00]} cxd4 {[%emt 0:00:00]} 8. cxd4 {[%emt 0:00:00]} Be7 {[%emt 0:00:00]} 9. Nc3 {[%emt 0:00:00]} Qd6 {[%emt 0:00:00]} 10. Nb5 {[%emt 0:00:00]} Qd8 {[%emt 0:00:00]} 11. Bf4 {[%emt 0:00:00]} Nd5 {[%emt 0:00:00]} 12. Bg3 {[%emt 0:00:00]} O-O {[%emt 0:00:00]} 13. Bc4 {[%emt 0:00:00]} a6 {[%emt 0:00:00]} 14. Bxd5 {[%emt 0:00:00]} exd5 {[%emt 0:00:00]} 15. Nc7 {[%emt 0:00:00]} Ra7 {[%emt 0:00:00]} 16. Qb3 {[%emt 0:00:00]} b5 {[%emt 0:00:00]} 17. Qxd5 {[%emt 0:00:00]} Qxd5 {[%emt 0:00:00]} 18. Nxd5 {[%emt 0:00:00]} Rd8 {[%emt 0:00:00]} 19. Nxe7+ {[%emt 0:00:00]} Rxe7 {[%emt 0:00:00]} 20. Rac1 {[%emt 0:00:00]} Bb7 {[%emt 0:00:00]} 21. Rfd1 {[%emt 0:00:00]} Red7 {[%emt 0:00:00]} 22. Ne5 {[%emt 0:00:00]} Rxd4 {[%emt 0:00:00]} 23. Rxd4 {[%emt 0:00:00]} Nxd4 {[%emt 0:00:00]} 24. Kf1 {[%emt 0:00:00]} 1/2-1/2

[Event "HUN-ch-Women KO 2019"]
[Site "Budapest"]
[Date "2019.12.17"]
[Round "2.3"]
[White "Gara, Ticia"]
[Black "Gara, Anita"]
[Result "1-0"]
[WhiteElo "2339"]
[BlackElo "2350"]
[Annotator "NA"]
[PlyCount "91"]
[EventDate "2019.12.10"]
[EventType "k.o."]
[EventCountry "HUN"]
[SourceTitle "playchess.com"]
[Source "ChessBase"]
[SourceQuality "1"]
[TimeControl "900+5"]

1. Nf3 {[%emt 0:00:04]} Nf6 {[%emt 0:00:01]} 2. c4 {[%emt 0:00:19]} d6 {[%emt 0:00:06]} 3. g3 {[%emt 0:00:19]} g6 {[%emt 0:00:04]} 4. b3 {[%emt 0:00:03]} Bg7 {[%emt 0:00:03]} 5. Bb2 {[%emt 0:00:01]} O-O {[%emt 0:00:08]} 6. Bg2 {[%emt 0:00:07]} e5 {[%emt 0:00:43]} 7. O-O {[%emt 0:00:16]} c6 {[%emt 0:00:06]} 8. h3 {[%emt 0:01:40]} a5 {[%emt 0:00:05]} 9. Nc3 {[%emt 0:00:20]} Na6 {[%emt 0:00:09]} 10. d4 {[%emt 0:00:12]} e4 {[%emt 0:01:09]} 11. Nd2 {[%emt 0:00:05]} d5 {[%emt 0:00:39]} 12. cxd5 {[%emt 0:01:16]} cxd5 {[%emt 0:00:02]} 13. Rc1 {[%emt 0:01:58]} Re8 {[%emt 0:00:14]} 14. Na4 {[%emt 0:00:46]} e3 {[%emt 0:01:17]} 15. fxe3 {[%emt 0:00:02]} Rxe3 {[%emt 0:00:05]} 16. Rf3 {[%emt 0:00:07]} Bh6 {[%emt 0:01:13]} 17. Rc3 {[%emt 0:00:25]} Rxc3 {[%emt 0:01:29]} 18. Nxc3 {[%emt 0:01:05]} Bf5 {[%emt 0:00:44]} 19. g4 {[%emt 0:01:25]} Be4 {[%emt 0:02:02]} 20. Ncxe4 {[%emt 0:01:52]} dxe4 {[%emt 0:00:02]} 21. Rxf6 {[%emt 0:00:51]} Qxf6 {[%emt 0:00:27]} 22. Nxe4 {[%emt 0:00:01]} Qb6 {[%emt 0:00:48]} 23. Kh1 {[%emt 0:00:02]} Bg7 {[%emt 0:00:07]} 24. g5 {[%emt 0:00:36]} Rd8 {[%emt 0:00:20]} 25. e3 {[%emt 0:00:14]} Nb4 {[%emt 0:00:09]} 26. Qf3 {[%emt 0:00:30]} Nd5 {[%emt 0:00:34]} 27. Ba3 {[%emt 0:00:42]} Qc7 {[%emt 0:00:44]} 28. Nd6 {[%emt 0:00:32]} Nb4 {[%emt 0:01:42]} 29. Nxb7 {[%emt 0:00:09]} Re8 {[%emt 0:00:15]} 30. Nc5 {[%emt 0:00:34]} Nc2 {[%emt 0:00:10]} 31. Bc1 {[%emt 0:00:03]} Nxd4 {[%emt 0:00:53]} 32. exd4 {[%emt 0:00:21]} Bxd4 {[%emt 0:00:09]} 33. Nd3 {[%emt 0:00:12]} Qc2 {[%emt 0:00:33]} 34. Bf4 {[%emt 0:00:23]} Qb1+ {[%emt 0:00:10]} 35. Qf1 {[%emt 0:00:09]} Qxa2 {[%emt 0:00:08]} 36. Bd5 {[%emt 0:00:04]} Qe2 {[%emt 0:00:17]} 37. Qxe2 {[%emt 0:00:05]} Rxe2 {[%emt 0:00:02]} 38. Bc7 {[%emt 0:00:08]} Bc3 {[%emt 0:00:07]} 39. Bc4 {[%emt 0:00:06]} Kg7 {[%emt 0:00:06]} 40. Kg1 {[%emt 0:00:06]} f6 {[%emt 0:00:05]} 41. gxf6+ {[%emt 0:00:04]} Kxf6 {[%emt 0:00:06]} 42. Nf4 {[%emt 0:00:06]} Re1+ {[%emt 0:00:04]} 43. Kf2 {[%emt 0:00:01]} Rc1 {[%emt 0:00:09]} 44. Nd5+ {[%emt 0:00:02]} Kg5 {[%emt 0:00:06]} 45. Bf4+ {[%emt 0:00:05]} Kf5 {[%emt 0:00:05]} 46. Bxc1 {[%emt 0:00:01]} 1-0

[Event "HUN-ch-Women KO 2019"]
[Site "Budapest"]
[Date "2019.12.17"]
[Round "2.3"]
[White "Papp, Petra"]
[Black "Lazarne Vajda, Szidonia"]
[Result "1/2-1/2"]
[WhiteElo "2339"]
[BlackElo "2333"]
[Annotator "NA"]
[PlyCount "65"]
[EventDate "2019.12.10"]
[EventType "k.o."]
[EventCountry "HUN"]
[SourceTitle "playchess.com"]
[Source "ChessBase"]
[SourceQuality "1"]
[TimeControl "900+5"]

1. e4 {[%emt 0:00:06]} e5 {[%emt 0:00:07]} 2. Nf3 {[%emt 0:00:04]} d6 {[%emt 0:00:25]} 3. d4 {[%emt 0:00:08]} exd4 {[%emt 0:00:20]} 4. Nxd4 {[%emt 0:00:14]} Nf6 {[%emt 0:00:02]} 5. Nc3 {[%emt 0:00:07]} Be7 {[%emt 0:00:05]} 6. g3 {[%emt 0:00:22]} O-O {[%emt 0:00:11]} 7. Bg2 {[%emt 0:00:03]} Nc6 {[%emt 0:00:04]} 8. O-O {[%emt 0:00:15]} Bd7 {[%emt 0:00:22]} 9. h3 {[%emt 0:00:33]} Re8 {[%emt 0:00:07]} 10. Re1 {[%emt 0:00:55]} Nxd4 {[%emt 0:00:15]} 11. Qxd4 {[%emt 0:00:02]} Bc6 {[%emt 0:00:01]} 12. Be3 {[%emt 0:01:19]} Nd7 {[%emt 0:00:06]} 13. Qd2 {[%emt 0:00:24]} Bf6 {[%emt 0:00:10]} 14. Bd4 {[%emt 0:00:19]} Bxd4 {[%emt 0:00:11]} 15. Qxd4 {[%emt 0:00:02]} Qf6 {[%emt 0:00:11]} 16. Qxf6 {[%emt 0:00:51]} Nxf6 {[%emt 0:00:02]} 17. Nd5 {[%emt 0:00:05]} Bxd5 {[%emt 0:00:22]} 18. exd5 {[%emt 0:00:02]} Kf8 {[%emt 0:00:01]} 19. f4 {[%emt 0:00:17]} Rxe1+ {[%emt 0:00:05]} 20. Rxe1 {[%emt 0:00:01]} Re8 {[%emt 0:00:00]} 21. Rxe8+ {[%emt 0:00:08]} Kxe8 {[%emt 0:00:01]} 22. Kf2 {[%emt 0:00:05]} Ke7 {[%emt 0:00:09]} 23. Ke3 {[%emt 0:00:04]} h6 {[%emt 0:00:23]} 24. Bf3 {[%emt 0:00:17]} Nd7 {[%emt 0:00:02]} 25. Kd4 {[%emt 0:00:28]} g6 {[%emt 0:00:48]} 26. b4 {[%emt 0:00:06]} f5 {[%emt 0:00:30]} 27. c4 {[%emt 0:00:12]} b6 {[%emt 0:00:16]} 28. a3 {[%emt 0:01:24]} a5 {[%emt 0:00:05]} 29. Bd1 {[%emt 0:00:57]} axb4 {[%emt 0:00:33]} 30. axb4 {[%emt 0:00:02]} Nf6 {[%emt 0:01:14]} 31. Bf3 {[%emt 0:00:11]} Nd7 {[%emt 0:00:17]} 32. Bd1 {[%emt 0:00:05]} Nf6 {[%emt 0:00:05]} 33. Bf3 {[%emt 0:00:13]} 1/2-1/2

[Event "HUN-ch-Women KO 2019"]
[Site "Budapest"]
[Date "2019.12.17"]
[Round "2.4"]
[White "Gara, Anita"]
[Black "Gara, Ticia"]
[Result "1/2-1/2"]
[WhiteElo "2350"]
[BlackElo "2339"]
[Annotator "NA"]
[PlyCount "64"]
[EventDate "2019.12.10"]
[EventType "k.o."]
[EventCountry "HUN"]
[SourceTitle "playchess.com"]
[Source "ChessBase"]
[SourceQuality "1"]
[TimeControl "900+5"]

1. e4 {[%emt 0:00:01]} c5 {[%emt 0:00:02]} 2. Nf3 {[%emt 0:00:02]} d6 {[%emt 0:00:02]} 3. d4 {[%emt 0:00:04]} cxd4 {[%emt 0:00:02]} 4. Nxd4 {[%emt 0:00:01]} Nf6 {[%emt 0:00:03]} 5. Nc3 {[%emt 0:00:02]} Nc6 {[%emt 0:00:02]} 6. g3 {[%emt 0:00:22]} g6 {[%emt 0:00:28]} 7. Bg2 {[%emt 0:00:06]} Nxd4 {[%emt 0:00:10]} 8. Qxd4 {[%emt 0:00:02]} Bg7 {[%emt 0:00:03]} 9. Bg5 {[%emt 0:00:52]} O-O {[%emt 0:00:06]} 10. Qd2 {[%emt 0:00:08]} Be6 {[%emt 0:01:35]} 11. O-O {[%emt 0:00:14]} Qb6 {[%emt 0:00:21]} 12. Rab1 {[%emt 0:00:33]} Rac8 {[%emt 0:00:11]} 13. Be3 {[%emt 0:01:07]} Qa5 {[%emt 0:00:54]} 14. Bd4 {[%emt 0:01:02]} Rfd8 {[%emt 0:00:28]} 15. f4 {[%emt 0:01:22]} Bc4 {[%emt 0:00:36]} 16. Rfd1 {[%emt 0:02:09]} Ng4 {[%emt 0:02:10]} 17. b4 {[%emt 0:06:29]} Bxd4+ {[%emt 0:01:06]} 18. Qxd4 {[%emt 0:00:04]} Qb6 {[%emt 0:01:00]} 19. Qxb6 {[%emt 0:00:44]} axb6 {[%emt 0:00:01]} 20. Bh3 {[%emt 0:00:12]} h5 {[%emt 0:01:03]} 21. Rd2 {[%emt 0:00:02]} Be6 {[%emt 0:00:28]} 22. Nd5 {[%emt 0:00:44]} Bxd5 {[%emt 0:00:08]} 23. exd5 {[%emt 0:00:01]} Rc7 {[%emt 0:00:21]} 24. Rb3 {[%emt 0:00:28]} Rdc8 {[%emt 0:00:20]} 25. Rb2 {[%emt 0:00:04]} Rc3 {[%emt 0:00:16]} 26. Re2 {[%emt 0:00:05]} R8c7 {[%emt 0:00:19]} 27. a4 {[%emt 0:00:08]} Ne3 {[%emt 0:00:53]} 28. a5 {[%emt 0:00:04]} Nxd5 {[%emt 0:00:12]} 29. Bg2 {[%emt 0:00:03]} Ne3 {[%emt 0:00:48]} 30. axb6 {[%emt 0:00:05]} Rd7 {[%emt 0:00:11]} 31. Bf3 {[%emt 0:00:05]} Nc4 {[%emt 0:00:55]} 32. Rb3 {[%emt 0:00:06]} Rxb3 {[%emt 0:00:12]} 1/2-1/2

[Event "HUN-ch-Women KO 2019"]
[Site "Budapest"]
[Date "2019.12.17"]
[Round "2.4"]
[White "Lazarne Vajda, Szidonia"]
[Black "Papp, Petra"]
[Result "1-0"]
[WhiteElo "2333"]
[BlackElo "2339"]
[Annotator "NA"]
[PlyCount "101"]
[EventDate "2019.12.10"]
[EventType "k.o."]
[EventCountry "HUN"]
[SourceTitle "playchess.com"]
[Source "ChessBase"]
[SourceQuality "1"]
[TimeControl "900+5"]

1. d4 {[%emt 0:00:05]} Nf6 {[%emt 0:00:12]} 2. Nf3 {[%emt 0:00:03]} g6 {[%emt 0:00:04]} 3. g3 {[%emt 0:00:07]} Bg7 {[%emt 0:00:02]} 4. Bg2 {[%emt 0:00:01]} O-O {[%emt 0:00:04]} 5. O-O {[%emt 0:00:03]} d6 {[%emt 0:00:42]} 6. c4 {[%emt 0:00:12]} Nc6 {[%emt 0:00:15]} 7. Nc3 {[%emt 0:00:14]} e5 {[%emt 0:00:03]} 8. dxe5 {[%emt 0:00:33]} dxe5 {[%emt 0:00:08]} 9. Qxd8 {[%emt 0:00:43]} Rxd8 {[%emt 0:00:12]} 10. Bg5 {[%emt 0:01:05]} Be6 {[%emt 0:00:44]} 11. Nd2 {[%emt 0:01:02]} Ne7 {[%emt 0:04:48]} 12. Rfd1 {[%emt 0:00:57]} c6 {[%emt 0:00:36]} 13. Nde4 {[%emt 0:01:01]} Nxe4 {[%emt 0:00:51]} 14. Nxe4 {[%emt 0:00:02]} Rxd1+ {[%emt 0:01:37]} 15. Rxd1 {[%emt 0:00:02]} Nf5 {[%emt 0:00:34]} 16. b3 {[%emt 0:00:01]} h6 {[%emt 0:00:12]} 17. Bc1 {[%emt 0:00:06]} b6 {[%emt 0:01:50]} 18. Nc3 {[%emt 0:00:55]} Rc8 {[%emt 0:00:19]} 19. Ba3 {[%emt 0:00:53]} Bf8 {[%emt 0:00:05]} 20. Bxf8 {[%emt 0:00:13]} Kxf8 {[%emt 0:00:01]} 21. e3 {[%emt 0:00:06]} Ke7 {[%emt 0:00:10]} 22. Kf1 {[%emt 0:00:40]} h5 {[%emt 0:00:06]} 23. Ke2 {[%emt 0:00:07]} h4 {[%emt 0:00:03]} 24. Be4 {[%emt 0:00:57]} Nd6 {[%emt 0:00:11]} 25. Bf3 {[%emt 0:00:24]} hxg3 {[%emt 0:00:41]} 26. hxg3 {[%emt 0:00:02]} Bd7 {[%emt 0:00:04]} 27. Rh1 {[%emt 0:00:30]} Kf6 {[%emt 0:00:28]} 28. a4 {[%emt 0:02:17]} a5 {[%emt 0:00:24]} 29. Rd1 {[%emt 0:00:29]} Ke7 {[%emt 0:00:03]} 30. Ne4 {[%emt 0:00:15]} Nxe4 {[%emt 0:00:04]} 31. Bxe4 {[%emt 0:00:01]} c5 {[%emt 0:00:09]} 32. Rh1 {[%emt 0:00:16]} Bg4+ {[%emt 0:00:13]} 33. f3 {[%emt 0:00:04]} Be6 {[%emt 0:00:06]} 34. Bd5 {[%emt 0:00:06]} Kf6 {[%emt 0:00:21]} 35. e4 {[%emt 0:00:07]} Rf8 {[%emt 0:00:22]} 36. Ke3 {[%emt 0:00:42]} Bc8 {[%emt 0:00:01]} 37. f4 {[%emt 0:00:05]} Re8 {[%emt 0:00:29]} 38. Rh7 {[%emt 0:00:04]} Be6 {[%emt 0:00:07]} 39. Kf3 {[%emt 0:00:15]} Re7 {[%emt 0:00:08]} 40. Rh8 {[%emt 0:00:05]} Rd7 {[%emt 0:00:10]} 41. Rb8 {[%emt 0:00:19]} Rd6 {[%emt 0:00:01]} 42. Rb7 {[%emt 0:00:03]} Bd7 {[%emt 0:00:27]} 43. Ke3 {[%emt 0:00:11]} Be6 {[%emt 0:00:03]} 44. Rb8 {[%emt 0:00:25]} Bd7 {[%emt 0:00:15]} 45. fxe5+ {[%emt 0:00:12]} Kxe5 {[%emt 0:00:01]} 46. Bxf7 {[%emt 0:00:03]} g5 {[%emt 0:00:10]} 47. Bd5 {[%emt 0:00:10]} g4 {[%emt 0:00:03]} 48. Rh8 {[%emt 0:00:21]} Rg6 {[%emt 0:00:12]} 49. Rh7 {[%emt 0:00:10]} Bc6 {[%emt 0:00:07]} 50. Bxc6 {[%emt 0:00:09]} Rf6 {[%emt 0:00:06]} 51. Rh5+ {[%emt 0:00:05]} 1-0

[Event "HUN-ch-Women KO 2019"]
[Site "Budapest"]
[Date "2019.12.19"]
[Round "3.1"]
[White "Lazarne Vajda, Szidonia"]
[Black "Gara, Ticia"]
[Result "1/2-1/2"]
[WhiteElo "2333"]
[BlackElo "2339"]
[Annotator "ChessBase"]
[PlyCount "39"]
[EventDate "2019.12.10"]
[EventType "k.o."]
[EventCountry "HUN"]
[SourceTitle "playchess.com"]
[Source "ChessBase"]
[SourceQuality "1"]
[TimeControl "40/5400+30:1800+30"]

1. d4 {[%emt 0:01:46]} Nf6 {[%emt 0:00:30]} 2. Nf3 {[%emt 0:01:30]} g6 {[%emt 0:01:33]} 3. g3 {[%emt 0:00:45]} Bg7 {[%emt 0:00:24]} 4. Bg2 {[%emt 0:00:42]} O-O {[%emt 0:01:06]} 5. O-O {[%emt 0:00:46]} d5 {[%emt 0:01:02]} 6. c4 {[%emt 0:01:10]} c6 {[%emt 0:01:49]} 7. Qb3 {[%emt 0:03:03]} Qb6 {[%emt 0:02:48]} 8. Nc3 {[%emt 0:01:42]} Rd8 {[%emt 0:03:14]} 9. Qxb6 {[%emt 0:07:04]} axb6 {[%emt 0:01:42]} 10. cxd5 {[%emt 0:00:09]} Nxd5 {[%emt 0:00:42]} 11. Nxd5 {[%emt 0:01:45]} Rxd5 {[%emt 0:00:57]} 12. e4 {[%emt 0:01:13]} Rda5 {[%emt 0:03:52]} 13. a3 {[%emt 0:02:07]} c5 {[%emt 0:02:04]} 14. d5 {[%emt 0:00:43]} Na6 {[%emt 0:05:50]} 15. Rd1 {[%emt 0:04:13]} Bg4 {[%emt 0:05:41]} 16. d6 {[%emt 0:03:12]} exd6 {[%emt 0:01:55]} 17. Rxd6 {[%emt 0:00:14]} Rb5 {[%emt 0:04:08]} 18. h3 {[%emt 0:02:59]} Bxf3 {[%emt 0:01:47]} 19. Bxf3 {[%emt 0:00:06]} c4 {[%emt 0:02:56]} 20. Be2 {[%emt 0:03:45]} 1/2-1/2

[Event "HUN-ch-Women KO 2019"]
[Site "Budapest"]
[Date "2019.12.20"]
[Round "3.2"]
[White "Gara, Ticia"]
[Black "Lazarne Vajda, Szidonia"]
[Result "1/2-1/2"]
[WhiteElo "2339"]
[BlackElo "2333"]
[Annotator "NA"]
[PlyCount "52"]
[EventDate "2019.12.10"]
[EventType "k.o."]
[EventCountry "HUN"]
[SourceTitle "playchess.com"]
[Source "ChessBase"]
[SourceQuality "1"]
[TimeControl "40/5400+30:1800+30"]

{[%evp 8,39,17,17,22,15,11,18,10,15,12,12,36,5,20,26,16,15,0,0,21,11,18,13,4,0,20,33,56,34,38,52,49,21]} 1. e4 {[%emt 0:00:33]} e5 {[%emt 0:01:06]} 2. Nf3 {[%emt 0:00:30]} Nc6 {[%emt 0:00:43]} 3. Bc4 {[%emt 0:01:20]} Bc5 {[%emt 0:01:21]} 4. O-O {[%emt 0:00:43]} Nf6 {[%emt 0:00:21]} 5. d3 {[%emt 0:00:13]} O-O {[%emt 0:00:34]} 6. c3 {[%emt 0:01:15]} d6 {[%emt 0:02:47]} 7. h3 {[%emt 0:00:47]} a6 {[%emt 0:00:53]} 8. Re1 {[%emt 0:00:52]} Ba7 {[%emt 0:00:46]} 9. a4 {[%emt 0:01:02]} Ne7 {[%emt 0:02:13]} 10. Nbd2 {[%emt 0:01:03]} Ng6 {[%emt 0:02:14] C54: Giuoco Piano: 4 c3 Nf6, main lines with 5 d4 and 5 d3} 11. Nf1 {[%emt 0:01:08]} c6 {[%emt 0:11:14]} (11... Be6 12. Bxe6 fxe6 13. Ng3 h6 14. d4 Nd7 15. Be3 Qe7 16. a5 Kh7 17. Nd2 Rf7 18. Nc4 {½-½ (57) Caruana,F (2822)-Nakamura,H (2769) Stavanger 2018}) 12. Ng3 {[%emt 0:02:48]} d5 {[%emt 0:17:17]} 13. Bb3 {[%emt 0:03:43]} h6 {[%emt 0:09:18]} 14. exd5 {[%emt 0:08:28]} Nxd5 {[%emt 0:01:10]} 15. d4 {[%emt 0:01:19]} exd4 {[%emt 0:07:54]} 16. Nxd4 {[%emt 0:01:21] [#]} Bb8 $146 {[%emt 0:10:46]} ({Predecessor:} 16... Re8 17. Rxe8+ Qxe8 18. Bxd5 cxd5 {½-½ (54) Bocharov,I (2563)-Tomashevsky,E (2705) St Petersburg 2018}) 17. Bc2 {[%emt 0:15:41]} Bf4 {[%emt 0:05:50]} 18. Qf3 {[%emt 0:10:57]} Nh4 {[%emt 0:06:24]} 19. Qd3 {[%emt 0:04:42]} g6 {[%emt 0:00:34]} 20. Nde2 $11 {[%emt 0:05:32]} Bxc1 {[%emt 0:01:08]} 21. Raxc1 {[%emt 0:03:13]} Qg5 {[%emt 0:01:13]} 22. c4 {[%emt 0:09:18]} Nb4 {[%emt 0:03:54]} 23. Qe3 {[%emt 0:06:15]} Qxe3 {[%emt 0:01:13]} 24. fxe3 {[%emt 0:00:14]} Nxc2 {[%emt 0:00:53]} 25. Rxc2 {[%emt 0:00:07]} Nf5 {[%emt 0:01:50]} 26. Kf2 {[%emt 0:02:28]} Be6 {[%emt 0:02:01]} 1/2-1/2

[Event "HUN-ch-Women KO 2019"]
[Site "Budapest"]
[Date "2019.12.21"]
[Round "3.3"]
[White "Lazarne Vajda, Szidonia"]
[Black "Gara, Ticia"]
[Result "1/2-1/2"]
[WhiteElo "2333"]
[BlackElo "2339"]
[Annotator "TA"]
[PlyCount "38"]
[EventDate "2019.12.10"]
[EventType "k.o."]
[EventCountry "HUN"]
[SourceTitle "playchess.com"]
[Source "ChessBase"]
[SourceQuality "1"]

{[%evp 24,38,23,37,24,41,28,0,0,0,16,17,38,15,10,6,25]} 1. d4 Nf6 2. c4 e6 3. g3 d5 4. Nf3 Be7 5. Bg2 O-O 6. O-O dxc4 7. Ne5 Nc6 8. Bxc6 bxc6 9. Nxc6 Qe8 10. Nxe7+ Qxe7 11. Qa4 c5 12. Qxc4 cxd4 13. Qxd4 e5 {E05: Open Catalan: 5 Nf3 Be7} 14. Qh4 Qb7 15. Nc3 Be6 16. Bg5 Nd5 17. Nxd5 {[#]} Bxd5 $146 ({Predecessor:} 17... Qxd5 18. b3 f6 19. Be3 Qb5 20. Rfe1 a5 21. f3 {½-½ (32) Radjabov,T (2710)-Adams,M (2761) Shamkir 2017}) 18. b4 a5 19. a3 Qb5 1/2-1/2

[Event "HUN-ch-Women KO 2019"]
[Site "Budapest"]
[Date "2019.12.22"]
[Round "3.4"]
[White "Gara, Ticia"]
[Black "Lazarne Vajda, Szidonia"]
[Result "1/2-1/2"]
[WhiteElo "2339"]
[BlackElo "2333"]
[Annotator "TA"]
[PlyCount "35"]
[EventDate "2019.12.10"]
[EventType "k.o."]
[EventCountry "HUN"]
[SourceTitle "playchess.com"]
[Source "ChessBase"]
[SourceQuality "1"]

{[%evp 18,35,14,15,14,12,13,5,13,11,9,-4,0,0,0,0,0,0,0,0]} 1. e4 $146 e5 2. Nf3 Nc6 3. Bb5 Nf6 4. O-O Nxe4 5. Re1 Nd6 6. Nxe5 Be7 7. Bf1 Nxe5 8. Rxe5 O-O 9. d4 Bf6 10. Re1 {The position is equal.} Re8 {C67: Ruy Lopez: Berlin Defence: 4 0-0 Nxe4} 11. Rxe8+ Nxe8 12. c3 d5 13. Bf4 c6 14. Bd3 g6 15. Nd2 Ng7 16. Qe2 Bf5 17. Bxf5 Nxf5 18. Re1 1/2-1/2

[Event "HUN-ch-Women KO 2019"]
[Site "Budapest"]
[Date "2019.12.22"]
[Round "3.5"]
[White "Gara, Ticia"]
[Black "Lazarne Vajda, Szidonia"]
[Result "1/2-1/2"]
[WhiteElo "2339"]
[BlackElo "2333"]
[Annotator "TA"]
[PlyCount "100"]
[EventDate "2019.12.10"]
[EventType "k.o."]
[EventCountry "HUN"]
[SourceTitle "playchess.com"]
[Source "ChessBase"]
[SourceQuality "1"]

{[%evp 14,100,30,29,35,23,31,21,30,21,32,29,24,-3,18,-8,56,59,59,46,58,40,40,42,104,33,85,91,125,122,130,110,110,95,87,68,111,0,0,0,126,123,132,117,135,134,201,155,334,298,333,333,308,310,297,234,242,242,227,72,72,33,33,33,79,73,94,105,128,125,136,140,140,145,136,147,142,131,156,101,91,75,12835,602,12837,128,128,128,128]} 1. Nf3 Nf6 2. g3 g6 3. b3 Bg7 4. Bb2 d6 5. d4 b6 6. Bg2 Bb7 7. O-O O-O 8. c4 Nbd7 {A15: English Opening: 1...Nf6} 9. Nc3 Ne4 10. Qc2 Nxc3 {The position is equal.} 11. Bxc3 e6 12. e4 e5 13. d5 {[#]} a5 $146 ({Predecessor:} 13... f5 14. Bd2 h6 15. Nh4 Qf6 16. Bh3 Rf7 17. exf5 {1-0 (84) Kazakovskiy,V (2342)-Popov,I (2650) Minsk 2015}) 14. a3 {[%cal Ba2a3,Ba3b4][%mdl 32]} f5 (14... c6 $11) 15. exf5 $14 Rxf5 16. Nd2 Rf8 17. b4 axb4 18. axb4 b5 {[#]} (18... Nf6 $14) 19. Rxa8 (19. cxb5 Nb6 $14) (19. c5 $1 $16 {[%cal Rc5c6][%mdl 512]} Rxa1 (19... dxc5 20. bxc5) 20. Rxa1) 19... Qxa8 ({Black should try} 19... Bxa8 $14 20. Bh3 bxc4 21. Be6+ Kh8) 20. Ra1 $16 Qb8 21. c5 $1 {[%cal Rc5c6] And now c6 would win.} ({But not} 21. cxb5 $6 Nf6 $11) 21... Nf6 22. Qa2 Bh6 23. c6 Bc8 24. Qa7 $36 {[%mdl 2048] White is pushing.} Bf5 25. Qxb8 (25. Qb7 $1 $16) 25... Rxb8 $11 26. Ra7 Bxd2 (26... Rc8 $11) 27. Bxd2 $16 Ne8 28. f4 {Hoping for fxe5.} exf4 29. Bxf4 Bd3 (29... Rc8 $16 {is a better defense.} 30. Be3 Kf8) 30. Bh3 {Black must now prevent Rxc7!} Bc4 $2 (30... Bf5 $16) 31. Be6+ $18 Kg7 32. Kf2 Kf6 33. h4 Ng7 34. Rxc7 {[%csl Ge6][%cal Rc7f7]} Nxe6 35. dxe6 Bxe6 {[#]} 36. Bxd6 $2 {[%mdl 4096] Endgame KRB-KRB} ({Resist} 36. Rxh7 $6 Rb6) (36. Rb7 $1 $18 {[%cal Rb7b8] and the rest is easy.} Rc8 37. c7 (37. Rxb5 Rxc6 38. Bg5+ Kg7 $16)) 36... Rc8 $16 37. Rxh7 {Threatens to win with c7.} Rxc6 38. Bc5 Bc4 39. g4 Ra6 40. Ke3 Ra3+ 41. Kf4 Ra2 42. g5+ Ke6 43. Re7+ Kd5 44. Rd7+ Ke6 45. Rd6+ Kf7 {[#]} 46. Rf6+ (46. h5 $142 $1 {[%cal Rh5g6]} gxh5 47. g6+ Ke8 48. Kg5) 46... Kg7 47. Bd4 Kh7 $2 {[%mdl 8192]} (47... Rh2 $16) 48. Rb6 (48. Rf8 $142 Bg8 49. Rb8) 48... Ra7 49. Rxg6 $2 (49. Rb8 $18 {[%csl Gd4][%cal Rb8h8]} Rf7+ 50. Bf6) 49... Kxg6 50. Bxa7 Be2 {Accuracy: White = 51%, Black = 38%.} 1/2-1/2